01125 2200253 4500001002100000005001500021035002000036007000300056008004100059020002200100082001000122084001600132100002800148245010900176250000600285260004200291300002800333700003100361700003000392500006700422650001800489520034700507990001700854INLIS00000000000160620260430103659 a0010-1123000237ta260430 c 0 ind  a978-623-216-929-6 a612.9 a612.9 RUT s0 aRuth Owen ( Pengarang )1 aSaat Aku Menyentuh :bAll about my body /cRuth Owen ; editor, Mark J. Sachner ; alih bahasa, Andi Wahyu a- aJakarta :bBhuana Ilmu populer,c2020 a22 :bilus. ;c24 cme-0 aMark J. Sachner ( Editor )0 aAndi Wahyu ( Penerjemah ) aJudul asli : my body inside and out- my amazing sense of touch 4aTubhh Manusia aSetiap hari kamu menyentuh banyak benda. Apa yang terjadi saat kamu menyentuh sesuatu? Apa yang membuatmu bisa merasakan halus, kasar, panas atau dingin di kulitmu? Pertanyaan-pertanyaan ini akan dijawab secara singkat dan jelas di dalam buku All About My Body: Saat Aku Menyentuh. Yuk, cari tahu fakta-fakta menarik lainnya tetntang tubuhmu! a00166/K/2022